AU LIBRARIES
Centralized Library System Across Seven Campuses

Introduction to Management Science (Record no. 47499)

MARC details
000 -LEADER
fixed length control field 00455nam a22001697a 4500
005 - DATE AND TIME OF LATEST TRANSACTION
control field 20260504141328.0
008 - FIXED-LENGTH DATA ELEMENTS--GENERAL INFORMATION
fixed length control field 260504b |||||||| |||| 00| 0 eng d
020 ## - INTERNATIONAL STANDARD BOOK NUMBER
ISBN 978-0-13-275191-9
082 ## - DEWEY DECIMAL CLASSIFICATION NUMBER
Classification number 658.5
Author Mark TAY-I
100 ## - MAIN ENTRY--AUTHOR
Author Name Taylor III, Bernard W.,
245 ## - TITLE STATEMENT
Title Introduction to Management Science
250 ## - EDITION STATEMENT
Edition statement 11th Ed
260 ## - PUBLICATION, DISTRIBUTION, ETC.
Place of Publication New Jersey
Name of publisher, distributor, etc. Pearson Education, Inc.,
Date of publication, distribution, etc. 2013
300 ## - PHYSICAL DESCRIPTION
Pages 848 p.
650 ## - SUBJECT ADDED ENTRY--TOPICAL TERM
Subject / Department Management science.
942 ## - ADDED ENTRY ELEMENTS (KOHA)
Koha item type Book
Holdings
Withdrawn status Lost status Damaged status Not for loan Collection code Permanent Location Current Location Shelving Location Date acquired Source of acquisition Price Inventory number Total Checkouts Full Call Number Accession No./Barcode Date last seen Koha item type
        Management Science Air University Kharian Campus Library Air University Kharian Campus Library Management Science 04/09/2026 Ali Book Services 4588.00 KA/10221   658.5 TAY-I AUKHP0633 05/04/2026 Book
Air University Sector E-9, Islamabad Pakistan
Email: librarian@au.edu.pk  Tel : +0092 51 9262612 Ext: 631